[Event "TORNEO INT S/C DE LA PALMA"]
[Site "SANTA CRUZ DE LA PALMA"]
[Date "2007.09.16"]
[Round "9.2"]
[White "Babaev, Rashad"]
[Black "Guliev, Logman"]
[Result "1/2-1/2"]
[WhiteElo "2488"]
[BlackElo "2454"]
[PlyCount "30"]
[EventDate "2007.09.??"]
[EventType "tourn"]
[EventRounds "10"]
[EventCountry "ESP"]
[EventCategory "9"]

1. Nf3 d5 2. g3 c5 3. Bg2 Nf6 4. O-O Nc6 5. d3 Bg4 6. c4 dxc4 7. dxc4 Qxd1 8.
Rxd1 e6 9. Nc3 Be7 10. Bf4 O-O 11. Bd6 Bxd6 12. Rxd6 Rad8 13. Rad1 Rxd6 14.
Rxd6 Rd8 15. Rxd8+ Nxd8 1/2-1/2

[Event "TORNEO INT S/C DE LA PALMA"]
[Site "SANTA CRUZ DE LA PALMA"]
[Date "2007.09.16"]
[Round "9.3"]
[White "Llanes Hurtado, Miguel"]
[Black "Almeida Quintana, Omar"]
[Result "1/2-1/2"]
[WhiteElo "2446"]
[BlackElo "2501"]
[PlyCount "21"]
[EventDate "2007.09.??"]
[EventType "tourn"]
[EventRounds "10"]
[EventCountry "ESP"]
[EventCategory "9"]

1. d4 Nf6 2. Nf3 g6 3. c4 Bg7 4. Nc3 O-O 5. e4 d6 6. Be2 c5 7. O-O cxd4 8. Nxd4
Nc6 9. Be3 Nxd4 10. Bxd4 Be6 11. Qd2 1/2-1/2

[Event "TORNEO INT S/C DE LA PALMA"]
[Site "SANTA CRUZ DE LA PALMA"]
[Date "2007.09.17"]
[Round "10.1"]
[White "Cabrera Trujillo, Jorge"]
[Black "Llanes Hurtado, Miguel"]
[Result "1/2-1/2"]
[WhiteElo "2324"]
[BlackElo "2446"]
[PlyCount "28"]
[EventDate "2007.09.??"]
[EventType "tourn"]
[EventRounds "10"]
[EventCountry "ESP"]
[EventCategory "9"]

1. e4 c5 2. Nf3 Nc6 3. Nc3 Nf6 4. d4 cxd4 5. Nxd4 e5 6. Ndb5 d6 7. Bg5 a6 8.
Na3 b5 9. Bxf6 gxf6 10. Nd5 f5 11. Bd3 Be6 12. O-O Bxd5 13. exd5 Ne7 14. Re1
Bg7 1/2-1/2

[Event "TORNEO INT S/C DE LA PALMA"]
[Site "SANTA CRUZ DE LA PALMA"]
[Date "2007.09.17"]
[Round "10.3"]
[White "Guliev, Logman"]
[Black "Hernandez Carmenates, Holden"]
[Result "0-1"]
[WhiteElo "2454"]
[BlackElo "2544"]
[PlyCount "112"]
[EventDate "2007.09.??"]
[EventType "tourn"]
[EventRounds "10"]
[EventCountry "ESP"]
[EventCategory "9"]

1. e4 c5 2. Nf3 e6 3. d4 cxd4 4. Nxd4 a6 5. Nc3 Qc7 6. g3 Nc6 7. Bg2 d6 8. O-O
Bd7 9. Re1 Be7 10. Nxc6 Bxc6 11. Qg4 h5 12. Qe2 h4 13. a4 Nf6 14. Bg5 hxg3 15.
hxg3 Qa5 16. Qd2 Rd8 17. Rab1 Rh5 18. Bf4 d5 19. exd5 Nxd5 20. Nxd5 Qxd2 21.
Bxd2 Bxd5 22. Be3 Bxg2 23. Kxg2 Bc5 24. Bxc5 Rxc5 25. Re2 Rd4 26. Ra1 Rdc4 27.
c3 Ke7 28. Rd2 Rd5 29. Rxd5 exd5 30. Kf3 d4 31. Ke4 dxc3+ 32. Kd3 Rc7 33. bxc3
Kd6 34. Rb1 Kc5 35. Rb4 Rd7+ 36. Ke3 b6 37. Rg4 g6 38. Rf4 a5 39. Re4 Rd6 40.
Rg4 f5 41. Rf4 b5 42. axb5 Kxb5 43. f3 a4 44. Rb4+ Ka5 45. g4 Rb6 46. gxf5 gxf5
47. Rd4 a3 48. Rd2 Rc6 49. Kf4 Rc5 50. Ke3 Rxc3+ 51. Kd4 Kb4 52. f4 Kb3 53. Rh2
Rc4+ 54. Ke5 Rc5+ 55. Kd4 Ra5 56. Rh3+ Kb4 0-1